|
|
|
|
| LEADER |
02022nam a2200445 a 4500 |
| 001 |
000568485 |
| 003 |
CZ BrMZK |
| 005 |
20250109122607.0 |
| 007 |
ta |
| 008 |
000115s2001 xr e p 000 0 cze d |
| 015 |
|
|
|a cnb001022269
|
| 020 |
|
|
|a 80-210-2551-4
|
| 035 |
|
|
|a (OCoLC)50341413
|
| 040 |
|
|
|a BOA001
|b cze
|
| 072 |
|
7 |
|a 808
|x Literární styl. Literární činnost a technika. Efektivní využívání jazyka. Spisovatelská činnost
|2 Konspekt
|9 11
|
| 072 |
|
7 |
|a 37.016
|x Učební osnovy. Vyučovací předměty. Učebnice
|2 Konspekt
|9 22
|
| 080 |
|
|
|a 808.5
|2 MRF
|
| 080 |
|
|
|a 34:331.542
|2 MRF
|
| 080 |
|
|
|a (075.8)
|2 MRF
|
| 100 |
1 |
|
|a Urbanová, Martina,
|d 1962-
|7 mzk2003217628
|4 aut
|
| 245 |
1 |
0 |
|a Základy rétoriky pro právníky /
|c Martina Urbanová, Miloš Večeřa, Pavel Hungr
|
| 250 |
|
|
|a Vyd. 1.
|
| 260 |
|
|
|a Brno :
|b Masarykova univerzita,
|c 2001
|
| 300 |
|
|
|a 171 s. ;
|c 21 cm
|
| 490 |
1 |
|
|a Edice učebnic ;
|v č. 261
|
| 504 |
|
|
|a Obsahuje bibliografii
|
| 500 |
|
|
|a Dostupné též v digitální podobě v aplikaci Kramerius
|
| 650 |
0 |
7 |
|a rétorika
|7 ph125389
|2 czenas
|
| 650 |
0 |
7 |
|a právnické profese
|7 ph124710
|2 czenas
|
| 655 |
|
7 |
|a učebnice vysokých škol
|7 fd133772
|2 czenas
|
| 700 |
1 |
|
|a Večeřa, Miloš,
|d 1949-
|7 skuk0005719
|4 aut
|
| 700 |
1 |
|
|a Hungr, Pavel,
|d 1941-
|7 mzk2002160913
|4 aut
|
| 810 |
2 |
|
|a Masarykova univerzita.
|b Právnická fakulta.
|t Učebnice
|0 s
|
| 856 |
4 |
1 |
|u http://www.digitalniknihovna.cz/mzk/uuid/uuid:1526bbd0-d17a-11ef-9315-5ef3fc9bb22f
|y Digitalizovaný dokument
|x NDK
|
| 910 |
|
|
|a BOA001
|b 2-1088.836
|
| 990 |
|
|
|a BK
|
| 996 |
6 |
|
|b 2610140690
|c 2-1088.836
|l MZK
|r Sklad / do 1 hodiny
|n 0
|p p.v.
|w 000568485
|u 000010
|a 1
|e BOA001
|j MZK50
|s P
|
| 996 |
7 |
|
|b 2610140935
|c 2-1088.836
|l MZK
|r Sklad / do 1 hodiny
|n 28
|p kup
|w 000568485
|u 000020
|a 1
|e BOA001
|j MZK50
|s A
|
| 996 |
7 |
|
|b 2610140936
|c 2-1088.836
|l MZK
|r Sklad / do 1 hodiny
|n 50
|p kup
|w 000568485
|u 000030
|a 1
|e BOA001
|j MZK50
|s A
|
| 996 |
7 |
|
|b 2610140937
|c 2-1088.836
|l MZK
|r Sklad / do 1 hodiny
|n 35
|p kup
|w 000568485
|u 000040
|a 1
|e BOA001
|j MZK50
|s A
|